000
00266nam a2200097Ia 4500
001
904526
005
20250826184933.0
008
250824s9999 xx 000 0 und d
245
0
_a
CEMİL MERİÇ KONUŞUYOR
_c
MUSTAFA ARMAĞAN-SEZAİ COŞKUN
260
_b
KETEBE YAYINLARI
999
_c
904526
_d
904526